| 000 | 00482nam a22001937a 4500 | ||
|---|---|---|---|
| 005 | 20180828102335.0 | ||
| 008 | 180828b xxu||||| |||| 00| 0 eng d | ||
| 020 |
_a9788390811741 _c₹ 300.00 |
||
| 040 |
_aLoreto College _ceng |
||
| 041 | _aBengali | ||
| 082 |
_a891.448 _bGUP |
||
| 100 | _aGupta, Manindra | ||
| 245 |
_aAkshay mulbery _cManindra Gupta |
||
| 260 |
_aKolkata _bAbabhash _c2009 |
||
| 300 |
_a262 p. _b24 cm. |
||
| 650 | _aMemoir | ||
| 850 | _aLCLIB | ||
| 942 | _cBK | ||
| 999 |
_c41776 _d92255 |
||